| 000 | 00710nam a22002177a 4500 | ||
|---|---|---|---|
| 003 | NUST-PNEC | ||
| 005 | 20170116180737.0 | ||
| 008 | 141127b xxu||||| |||| 00| 0 eng d | ||
| 020 | _a0078820979 | ||
| 020 | _a 9780078820977 | ||
| 040 | _cPNEC | ||
| 082 | _a005.756 KOC | ||
| 100 |
_91058 _aKoch, George |
||
| 245 |
_aOracle : the complete reference _cGeorge Koch |
||
| 260 |
_aBerkeley : _bOsborne McGraw-Hill, _cc1995. |
||
| 300 |
_axxxvi, 1066 p. : _b ill. ; _c24 cm. |
||
| 500 | _aIncludes Index | ||
| 650 | _xComputer, MIS | ||
| 856 | _uhttp://www.amazon.com/Oracle-Complete-Reference-Ver-7-2/dp/0078820979/ref=sr_1_1?s=books&ie=UTF8&qid=1417075445&sr=1-1&keywords=0078820979 | ||
| 942 |
_2ddc _cBK |
||
| 999 |
_c62010 _d62010 |
||